000 00580nam a22001817a 4500
003 OSt
005 20250206163137.0
008 250206b |||||||| |||| 00| 0 eng d
020 _a9781847208309
040 _cMUST
082 _222
_a338.04 INT 2009
245 _ainternationalization,Entrepreneurship and the smaller firm:
_bEvidence from around the world/
_cedited by Marian V Jones [et al]
260 _aUnited Kingdom:
_bEdward Elgar,
_c2009
300 _axi,250p.
_c24cm
504 _aReferences and Indexes are included
650 _2Entrepreneurship
942 _2ddc
_cO_SHELF
999 _c9509
_d9509